000 00594nam a2200121Ia 4500
008 171212s9999 xx 000 0 und d
020 _a9780874216349
245 _ceditor Austin, Michael
_aVoice in the Wilderness
_bConversations with Terry Tempest Williams
260 _bUniversity Press of Colorado
_c2006
650 _aBiological Sciences
650 _aWilliams, Terry Tempest -- Interviews; Naturalists -- United States -- Interviews; Environmentalists -- United States -- Interviews; Authors -- United States -- Interviews; Human ecology
856 _uwww.jstor.org/stable/10.2307/j.ctt4cgmrz
999 _c353187
_d353187